<?xml version="1.0" encoding="UTF-8"?>
<record
    xmlns:xsi="http://www.w3.org/2001/XMLSchema-instance"
    xsi:schemaLocation="http://www.loc.gov/MARC21/slim http://www.loc.gov/standards/marcxml/schema/MARC21slim.xsd"
    xmlns="http://www.loc.gov/MARC21/slim">

  <leader>01138cam a2200241 a 4500</leader>
  <controlfield tag="001">000004589</controlfield>
  <controlfield tag="005">20200929151451.0</controlfield>
  <controlfield tag="008">881229s1987    ec a          000 p spa  </controlfield>
  <datafield tag="040" ind1=" " ind2=" ">
    <subfield code="a">DO-SdBNP</subfield>
    <subfield code="c">DLC</subfield>
    <subfield code="d">DLC</subfield>
  </datafield>
  <datafield tag="082" ind1=" " ind2=" ">
    <subfield code="a">E861.4</subfield>
    <subfield code="b">O74c</subfield>
  </datafield>
  <datafield tag="100" ind1="1" ind2=" ">
    <subfield code="a">Orozco, Jos&#xE9; de</subfield>
    <subfield code="q">(Jos&#xE9; Clemente Orozco),</subfield>
    <subfield code="d">1883-1949.</subfield>
    <subfield code="9">13386</subfield>
  </datafield>
  <datafield tag="245" ind1="1" ind2="3">
    <subfield code="a">La conquista de Menorca :</subfield>
    <subfield code="b">poema &#xE9;pico en 4 cantos /</subfield>
    <subfield code="c">Jos&#xE9; de Orozco; con un ensayo cr&#xED;tico por Alejandro Carri&#xF3;n.</subfield>
  </datafield>
  <datafield tag="260" ind1=" " ind2=" ">
    <subfield code="a">Quito, Ecuador :</subfield>
    <subfield code="b">Comisi&#xF3;n Nacional Permanente de Conmemoraciones C&#xED;vicas.</subfield>
    <subfield code="b">Casa de la Cultura Ecuatoriana "Benjam&#xED;n Carri&#xF3;n",</subfield>
    <subfield code="c">1987.</subfield>
  </datafield>
  <datafield tag="300" ind1=" " ind2=" ">
    <subfield code="a">120 p. :</subfield>
    <subfield code="b">il. ;</subfield>
    <subfield code="c">18 cm.</subfield>
  </datafield>
  <datafield tag="490" ind1="1" ind2=" ">
    <subfield code="a">Contribuci&#xF3;n al quinto centenario del descubrimiento de Am&#xE9;rica</subfield>
    <subfield code="v">no. 2</subfield>
  </datafield>
  <datafield tag="490" ind1="1" ind2=" ">
    <subfield code="a">Encuentro de dos Mundos</subfield>
    <subfield code="a">no. 2</subfield>
  </datafield>
  <datafield tag="650" ind1=" " ind2="4">
    <subfield code="a">Poes&#xED;a ecuatoriana</subfield>
    <subfield code="9">13387</subfield>
  </datafield>
  <datafield tag="650" ind1=" " ind2="4">
    <subfield code="a">Literatura ecuatoriana</subfield>
    <subfield code="9">3938</subfield>
  </datafield>
  <datafield tag="700" ind1="1" ind2=" ">
    <subfield code="a">Carri&#xF3;n, Alejandro</subfield>
    <subfield code="9">13388</subfield>
  </datafield>
  <datafield tag="710" ind1="1" ind2=" ">
    <subfield code="a">Casa de la Cultura Ecuatoriana "Benjam&#xED;n Carri&#xF3;n"</subfield>
    <subfield code="9">9129</subfield>
  </datafield>
  <datafield tag="830" ind1=" " ind2="0">
    <subfield code="a">Contribuci&#xF3;n al quinto centenario del descubrimiento de Am&#xE9;rica,</subfield>
    <subfield code="p">Encuentro de dos Mundos ;</subfield>
    <subfield code="v">no. 2</subfield>
    <subfield code="9">13389</subfield>
  </datafield>
  <datafield tag="910" ind1=" " ind2=" ">
    <subfield code="a">Catalogaci&#xF3;n por copia / LC</subfield>
  </datafield>
  <datafield tag="952" ind1=" " ind2=" ">
    <subfield code="0">0</subfield>
    <subfield code="1">0</subfield>
    <subfield code="5">2</subfield>
    <subfield code="7">0</subfield>
    <subfield code="8">MO</subfield>
    <subfield code="a">GR</subfield>
    <subfield code="b">GR</subfield>
    <subfield code="c">CT</subfield>
    <subfield code="d">2009-07-23</subfield>
    <subfield code="i">LF1</subfield>
    <subfield code="l">0</subfield>
    <subfield code="o">E861.4 O74c</subfield>
    <subfield code="p">4589-10</subfield>
    <subfield code="r">2020-06-25</subfield>
    <subfield code="w">2020-06-25</subfield>
    <subfield code="y">2</subfield>
    <subfield code="Z">Pr&#xE9;stamo interno</subfield>
  </datafield>
  <datafield tag="999" ind1=" " ind2=" ">
    <subfield code="c">4397</subfield>
    <subfield code="d">4397</subfield>
  </datafield>
</record>
